|
|
|
|
| LEADER |
00000nam0a2200000 4500 |
| 001 |
281700 |
| 005 |
20231101235428.0 |
| 035 |
|
|
|a (RuTPU)RU\TPU\book\305541
|
| 090 |
|
|
|a 281700
|
| 100 |
|
|
|a 20150124d1984 k y0rusy50 ca
|
| 101 |
0 |
|
|a rus
|
| 102 |
|
|
|a RU
|
| 105 |
|
|
|a a z 001zy
|
| 200 |
1 |
|
|a Кибернетика живого: биология и информация
|f Академия наук СССР (АН СССР) ; под ред. И. М. Макарова
|
| 210 |
|
|
|a Москва
|c Наука
|d 1984
|
| 215 |
|
|
|a 144 с.
|c ил.
|
| 225 |
1 |
|
|a Кибернетика: неограниченные возможности и возможные ограничения
|
| 320 |
|
|
|a Об авторах: с. 140-142
|
| 606 |
|
|
|a Биологическая информация
|2 stltpush
|3 (RuTPU)RU\TPU\subj\28669
|9 52183
|
| 610 |
1 |
|
|a биология
|
| 610 |
1 |
|
|a генетика
|
| 610 |
1 |
|
|a эволюция
|
| 610 |
1 |
|
|a автоволны
|
| 610 |
1 |
|
|a теория
|
| 610 |
1 |
|
|a кибернетика
|
| 610 |
1 |
|
|a наука
|
| 610 |
1 |
|
|a познание
|
| 610 |
1 |
|
|a познаваемое
|
| 610 |
1 |
|
|a биологические объекты
|
| 610 |
1 |
|
|a физические поля
|
| 610 |
1 |
|
|a биоинформационные исследования
|
| 675 |
|
|
|a 57
|v 3
|
| 702 |
|
1 |
|a Макаров
|b И. М.
|4 340
|
| 712 |
0 |
2 |
|a Академия наук СССР (АН СССР)
|c (Ленинград/Москва)
|c (1925-1991)
|2 stltpush
|3 (RuTPU)RU\TPU\col\722
|
| 801 |
|
1 |
|a RU
|b 63413507
|c 20150124
|
| 801 |
|
2 |
|a RU
|b 63413507
|c 20170411
|g RCR
|
| 942 |
|
|
|c BK
|